| 000 | 00479cam a2200157 a 4500 | ||
|---|---|---|---|
| 082 | 0 | 0 |
_a652.5 _bPER _cD |
| 100 | 1 |
_aPerry, Greg M. _944454 |
|
| 245 | 1 | 0 |
_aWordstar 2000 handbook / _cGreg. M. Perry. |
| 260 |
_aBerkeley, Calif., U.S.A. : _bMicroPro : _bOsborne/McGraw-Hill, _cc1988. |
||
| 300 |
_a364 p. : _bill. ; _c24 cm. |
||
| 500 | _aIncludes index. | ||
| 526 |
_a0 _b0 _c0 _d652_500000000000000_PER |
||
| 650 | 0 |
_aMCE _9379 |
|
| 650 | 0 |
_aWord processing. _936793 |
|
| 942 |
_2ddc _cBK |
||
| 999 |
_c548240 _d548240 |
||